| Tag |
First Indicator |
Second Indicator |
Subfields |
| LEADER |
00000cam a2200000 4500 |
| 001 |
in00000066123 |
| 005 |
20151008051247.0 |
| 008 |
761015s1937 txu 00000 eng d |
| 010 |
|
|
|a 37015171
|
| 035 |
|
|
|a (OCoLC)02504575
|
| 035 |
|
|
|9 AAG6825AM
|
| 040 |
|
|
|a IKM
|c IKM
|d TXA
|d UtOrBLW
|
| 049 |
|
|
|a TXAM
|c [96420]
|
| 050 |
|
0 |
|a JX1933.1937
|b .I6
|
| 092 |
|
|
|a 341.1
|b I59i
|
| 110 |
2 |
|
|a Institute of Public Affairs, Southern Methodist University, Dallas.
|b Conference
|n (4th :
|d 1937)
|
| 245 |
1 |
0 |
|a International institutions and world peace ;
|b proceedings of the fourth annual conference, Institute of public affairs, auspices Carnegie endowment for international peace, Dallas, Denton, Waxahachie, Fort Worth /
|c Edited by S. D. Myres, Jr.
|
| 264 |
|
1 |
|a [Dallas] :
|b Arnold Foundation, S.M.U.,
|c [1937]
|
| 264 |
|
4 |
|c [©1937]
|
| 300 |
|
|
|a 290 pages
|
| 336 |
|
|
|a text
|b txt
|2 rdacontent
|
| 337 |
|
|
|a unmediated
|b n
|2 rdamedia
|
| 338 |
|
|
|a volume
|b nc
|2 rdacarrier
|
| 500 |
|
|
|a Conference held under auspices of Carnegie Endowment for International Peace, at Dallas, Waxahachie, Denton, Ft. Worth; the week of April 26.
|
| 650 |
|
0 |
|a Peace.
|
| 650 |
|
0 |
|a International cooperation.
|
| 700 |
1 |
|
|a Myres, Samuel D.
|q (Samuel Dale),
|d 1899-
|
| 710 |
1 |
|
|a Southern Methodist University.
|b George F. and Ora Nixon Arnold Foundation.
|
| 999 |
|
|
|a MARS
|
| 999 |
f |
f |
|s 5e1a974c-b6eb-38fb-a85a-a6f8bd249f44
|i c2871986-e1a3-3f2b-898a-048c5ad5aa5a
|t 0
|
| 952 |
f |
f |
|p ric
|a Texas A&M University
|b Rellis Campus
|c Joint Library Facility
|d Remote Storage
|t 0
|e JX1933.1937 .I6
|h Library of Congress classification
|i unmediated -- volume
|m A14800782251
|
| 998 |
f |
f |
|a JX1933.1937 .I6
|t 0
|l Remote Storage
|